Cómo tratar a los alumnos / (Record no. 17654)

000 -CABECERA
fixed length control field 00895nam a22002057a 4500
003 - IDENTIFICADOR DEL NÚMERO DE CONTROL
control field AR-CdUCM
008 - DATOS DE LONGITUD FIJA--INFORMACIÓN GENERAL
fixed length control field 190509b ||||| |||| 00| 0 spa d
040 ## - FUENTE DE LA CATALOGACIÓN
Agencia/entidad que catalogó originalmente la obra MUNICIPALIDAD PROVINCIAL DEL CUSCO
Entidad que transcribió la catalogación BIBLIOTECA MUNICIPAL DEL CUSCO
082 ## - NÚMERO DE LA CLASIFICACIÓN DECIMAL DEWEY
No. de Clasificación 375.69 /
Notacion interna B26.
100 ## - ENTRADA PRINCIPAL--NOMBRE DE PERSONA
Nombre Personal Baxter, Bernice.
245 ## - MENCIÓN DE TÍTULO
Título Cómo tratar a los alumnos /
260 ## - PUBLICACIÓN, DISTRIBUCIÓN, ETC.
Lugar de publicación, distribución, etc. Buenos Aires :
Nombre de la editorial, distribuidor, etc. Kapelusz,
Fecha de publicación, distribución, etc. 1966.
300 ## - DESCRIPCIÓN FÍSICA
Nº de Páginas Extensión 122 páginas ;
Dimensiones 20 cm.
440 ## - MENCIÓN DE SERIE/PUNTO DE ACCESO ADICIONAL--TÍTULO
Título Biblioteca de cultura pedagógica.
9 (RLIN) 36606
505 ## - NOTA DE CONTENIDO CON FORMATO
Nota de contenido formateada Contenido : El papel del maestro en la educación actual -- Observación de las relaciones entre maestros y alumnos -- Maestros eficaces y maestros ineficaces -- El comportamiento deseable de los alumnos -- Descripción de una maestra eficaz ...
650 ## - PUNTO DE ACCESO ADICIONAL DE MATERIA--TÉRMINO DE MATERIA
Descriptor Educación secundaria.
9 (RLIN) 4648
650 ## - PUNTO DE ACCESO ADICIONAL DE MATERIA--TÉRMINO DE MATERIA
Descriptor Comportamiento del ser humano.
9 (RLIN) 37793
942 ## - ELEMENTOS DE PUNTO DE ACCESO ADICIONAL (KOHA)
Fuente de clasificación
Tipo de item Libros-BMC
945 ## - PROCESAMIENTO DE INFORMACIÓN LOCAL (OCLC)
Catalogador rum
AAAA-MM-DD - Fecha de ingreso o modificacion 2019-05-09
Holdings
Estado de retiro (separado) Fuente de clasificación o esquema de estanterías Estado dañado Ubicación Sala donde se ubica Nombre de la colección Fecha de adquisición o compra Costo, precio normal en soles Signatura topográfica Código de Barras Última vez visto (Koha) Tipo de ítem (Koha)
No     Sala Humanidades Sala Humanidades Book Cart 2019-05-09 20.00 375.69 / B26. SH0000012676 2019-05-09 Libros-BMC

Powered by Koha